000 00556nam a2200157 i 4500
001 160796
003 ES-MaACL
005 20230906212128.0
008 990701s1897 fr |||| | fre d
100 1 _aNovicow, Jacques (
_d1849-1912)
_986078
245 1 2 _aL'avenir de la race blanche
_b: critique du pessimisme contemporain /
_cpar J. Novicow.
260 _aParis :
_bFélix Alcan,
_c1897 (
_eTours :
_fImp. E. Arrault et Cie.)
300 _a183 p. ;
_c19 cm.
650 _aCivilización-
_xFilosofía.
_911081
852 _aES-MaACL
_jF-11599
_z- Enc. pasta
999 _c160796
_d160796